2009 Movies - Statistics

General Stats
  • This quiz has been taken 54 times
  • The average score is 15 of 50
Answer Stats
Picture Answer % Correct
Ice Age: Dawn Of The Dinosaurs
95%
Avatar
87%
Up
87%
Harry Potter And The Half-Blood Prince
82%
Night At The Museum: Battle Of The Smithsonian
71%
Star Trek
63%
Transformers: Revenge Of The Fallen
63%
Zombieland
63%
The Hangover
61%
The Princess And The Frog
58%
A Christmas Carol
55%
Monsters Vs Aliens
55%
Terminator Salvation
50%
2012
42%
Watchmen
42%
The Proposal
37%
District 9
32%
G.I. Joe: The Rise Of Cobra
32%
Jennifer’s Body
32%
X-Men Origins: Wolverine
32%
Race To Witch Mountain
29%
17 Again
26%
Aliens In The Attic
26%
Year One
24%
Knowing
21%
Bride Wars
18%
Crank: High Voltage
18%
Land Of The Lost
18%
My Bloody Valentine
18%
The Lovely Bones
18%
Angels & Demons
16%
Fast & Furious
16%
Law Abiding Citizen
16%
Funny People
11%
The Boat That Rocked
11%
The Ugly Truth
11%
Confessions Of A Shopaholic
8%
I Love You, Man
8%
Old Dogs
8%
Push
5%
St Trinian’s 2: The Legend Of Fritton’s Gold
5%
The Taking Of Pelham 123
5%
12 Rounds
3%
A Perfect Getaway
3%
Cirque du Freak: The Vampire’s Assistant
3%
Duplicity
3%
He’s Just Not That Into You
3%
Imagine That
3%
Sorority Row
3%
Whip It
3%
No matching quizzes found
Score Distribution
Percent of People with Each Score
Percentile by Number Answered
Your Score History
You have not taken this quiz